Normal view
MARC view
Entry Personal Name
001 - CONTROL NUMBER
- control field: 68014
003 - CONTROL NUMBER IDENTIFIER
- control field: dpl
005 - DATE AND TIME OF LATEST TRANSACTION
- control field: 20240703105235.0
008 - FIXED-LENGTH DATA ELEMENTS
- fixed length control field: 240703|| aca||aabn | a|a d
040 ## - CATALOGING SOURCE
- Original cataloging agency: dpl
- Transcribing agency: dpl
100 ## - HEADING--PERSONAL NAME
- Personal name: लक्ष्मीकांत, एम
670 ## - SOURCE DATA FOUND
- Source citation: Work cat.: (dpl)203876: लक्ष्मीकांत, एम, भारत की राजव्यवस्था/, 2020
